ओवाळणी (Record no. 399183)

MARC details
000 -LEADER
fixed length control field 00395nam a2200145Ia 4500
008 - FIXED-LENGTH DATA ELEMENTS--GENERAL INFORMATION
fixed length control field 100122s9999 xx 000 0 und d
082 ## - DEWEY DECIMAL CLASSIFICATION NUMBER
Item number 6065
Classification number 823.08
100 ## - MAIN ENTRY--PERSONAL NAME
Personal name आंबराईकर लखजी
245 ## - TITLE STATEMENT
Title ओवाळणी
260 ## - PUBLICATION, DISTRIBUTION, ETC. (IMPRINT)
Name of publisher, distributor, etc छाया प्रकाशन
Date of publication, distribution, etc 1924
300 ## - PHYSICAL DESCRIPTION
Extent 50
630 ## - SUBJECT ADDED ENTRY--UNIFORM TITLE
Uniform title ओवाळणी
730 ## - ADDED ENTRY--UNIFORM TITLE
Uniform title ओवाळणी
942 ## - ADDED ENTRY ELEMENTS (KOHA)
Koha item type Book
Holdings
Withdrawn status Lost status Damaged status Not for loan Home library Current library Date acquired Cost, normal purchase price Total Checkouts Full call number Barcode Date last seen Cost, replacement price Price effective from Koha item type Public note
        S.V. Pathak Library, Vile Parle S.V. Pathak Library, Vile Parle 12/12/1925 1.00   6065 SVPPARLE-6065 01/25/2010 1.00 01/25/2010 Book General NA